000 01085cam a22003254a 4500
001 16987904
003 OSt
005 20160420152500.0
008 111003s2012 njua 001 0 eng d
010 _a 2011940390
020 _a9781118181294 (pbk.)
020 _a1118181298 (pbk.)
035 _a(OCoLC)ocn746834687
040 _aSEKU
042 _alccopycat
050 0 0 _aHM 742
_b.S7
082 0 4 _a006.754
_223
100 1 _aStay, Jesse.
245 1 0 _aGoogle+ for dummies /
_cby Jesse Stay.
246 3 _aGoogle plus
250 _aPortable ed.
260 _aHoboken, N.J. :
_bWiley,
_c2012.
300 _axii, 132 p. :
_bill. ;
_c22 cm.
500 _aIncludes index.
520 _aDescribes the features of the Google+ social networking site, covering such topics as setting up a profile, creating circles, posting, finding content, gaming, using Google+ on mobile devices, and using Google+ photos.
650 0 _aOnline social networks.
650 0 _aGoogle+ (Electronic resource)
650 0 _aSocial networks
_xComputer network resources.
942 _2lcc
_cGEN
999 _c12883
_d12883